000 00385nam a22001697a 4500
003 OSt
005 20260606124357.0
008 260606b |||||||| |||| 00| 0 eng d
020 _a9788173719417
082 _a621.5 JAB
100 _aT jagadeesha
245 _aPneumatics
250 _a7th ed
260 _aNew Delhi
_bUniversity Press
_c2015
300 _a514p.
942 _2ddc
_cREF
999 _c14017
_d14017